• 首页
  • 本馆介绍
  • 公告通知
  • 最新文献
  • 馆藏检索
  • 电子资源
  • 读者导购
  • 参考咨询
  • 我的图书馆
  • 登录
  • 详细信息显示
  • 放入我的书架
  • 预约/预借图书
  • 作者相关作品
  • 分类相关作品
  • 丛书相关作品
  • 出版社相关作品

书目信息

  • 表格格式
  • 工作单格式
  • 卡片格式
题名:
水仙艺术雕刻与水养技术
    
 
作者: 许荣义
分册:  
出版信息: 北京   中国农业出版社  1994.12
页数: 67页
开本: 19cm
丛书名:
单 册:
中图分类: S682.2
科图分类:
主题词: 观赏园艺 , 花卉 , 园林树木
电子资源:
ISBN: 7-109-03637-5
000 00592nam0 2200217 45
001 0308271055
005 20030827105715.7
010    @a7-109-03637-5@dRMB9.80
100    @a20030827d1994 km y0chiy0120 ea
101    @achi
105    @a z 000yy
200 1  @a水仙艺术雕刻与水养技术@Ashui xian yi shu diao ke yu shui yang ji shu@f许荣义@Fxu rong yi
210    @a北京@c中国农业出版社@d1994.12
215    @a67页@c无图表@d19cm
606 0  @a观赏园艺
606 0  @a花卉
606 0  @a园林树木
690    @aS682.2@v3
701  0 @a许荣义
801    @aCN@b@c20030827
905    @aBZT@dS682.2@e159
    
    水仙艺术雕刻与水养技术/许荣义.-北京:中国农业出版社,1994.12
    67页:无图表;19cm
    
    
    ISBN 7-109-03637-5:RMB9.80
    
●
相关链接 在五车中查询图书 在当当中查询图书 在豆瓣中查询图书


正题名:水仙艺术雕刻与水养技术     索取号:S682.2/159         预约/预借

序号 登录号 条形码 馆藏地/架位号 状态 备注
1 99543   200031704   中心书库中库/ 中库032架A面5列3层113/ [索取号:S682.2/159] 在馆    
2 99545   200481987   中心书库中库/ 中库032架A面5列3层112/ [索取号:S682.2/159] 在馆    
3 99546   200031679   中心书库中库/ 中库032架A面5列3层115/ [索取号:S682.2/159] 在馆    
4 99547   200031633   中心书库中库/ 中库032架A面5列3层111/ [索取号:S682.2/159] 在馆    
5 99548   200031651   中心书库中库/ 中库032架A面5列3层114/ [索取号:S682.2/159] 在馆    
6 99549   200031624   中心书库中库/ 中库032架A面5列3层86/ [索取号:S682.2/159] 在馆    
7 99550   200031713   中心书库中库/ 中库032架A面5列3层110/ [索取号:S682.2/159] 在馆    
8 99551   200031660   中心书库中库/ 中库032架A面5列3层88/ [索取号:S682.2/159] 在馆    
9 99552   200031642   中心书库中库/ 中库032架A面5列3层87/ [索取号:S682.2/159] 在馆    
山东省滨州职业学院图书馆 欢迎您!
大连网信软件有限公司© 版权所有